[Event "World Youth U16 Olympiad"]
[Site "Gyor HUN"]
[Date "2014.12.14"]
[Round "2.15"]
[Board "1"]
[White "Lee, Jun Hyeok"]
[Black "Boldoo, Erdenepurev"]
[Result "1-0"]
[WhiteTitle "FM"]
[WhiteElo "2022"]
[BlackElo "2093"]
[WhiteTeam "South Korea 1"]
[BlackTeam "Mongolia"]
[WhiteFideId "13202340"]
[BlackFideId "4901037"]
[EventDate "2014.12.13"]

1. Nf3 Nf6 2. g3 d5 3. Bg2 c5 4. O-O Nc6 5. d3 e5 6. e4 dxe4 7. dxe4 Qxd1 8.
Rxd1 Bg4 9. Nbd2 O-O-O 10. Rf1 h6 11. Nc4 Bd6 12. Nfd2 Nd4 13. Ne3 Bc7 14. Nb3
Be2 15. Re1 Nf3+ 16. Bxf3 Bxf3 17. Nxc5 b6 18. Na6 Bd6 19. Nc4 Bxe4 20. f4 exf4
21. Nxd6+ Rxd6 22. Bxf4 Rc6 23. Be5 Re8 24. Nb4 Rce6 25. Bxf6 gxf6 26. Kf2 f5
27. Rad1 Rg8 28. Nd5 Rd8 29. Nf4 Red6 30. Rxd6 Rxd6 31. Re2 Rd1 32. Ke3 Kc7 33.
Rd2 Rb1 34. c3 Re1+ 35. Kd4 Bb1 36. Re2 Rd1+ 37. Ke5 Rd6 38. Nd5+ Kc6 39. Ne7+
Kd7 40. Kf4 Rf6 41. Re5 Bxa2 42. Nxf5 Bb1 43. g4 Kd8 44. h4 a6 45. h5 Rc6 46.
Rd5+ Ke8 47. Rd6 Rc4+ 48. Nd4 b5 49. Rxa6 b4 50. Rc6 Rxc6 51. Nxc6 bxc3 52. bxc3
f5 53. gxf5 Bc2 54. Ne5 Bd1 55. Ng4 Be2 56. Nf6+ Ke7 57. Ke5 Kf7 58. Ne4 Bxh5
59. f6 Bf3 60. Nd6+ Kf8 61. Kf5 h5 62. Kg5 Be2 63. c4 Bf3 64. c5 Kg8 65. Nc4 h4
66. Ne5 Be4 67. Kxh4 Kf8 68. Kg5 Ke8 69. c6 Bd5 70. Kg6 Kd8 71. Kg7 Ke8 72. c7
Be6 73. f7+ Bxf7 74. c8=Q+ 1-0

[Event "World Youth U16 Olympiad"]
[Site "Gyor HUN"]
[Date "2014.12.14"]
[Round "2.15"]
[Board "2"]
[White "Munkhbayar, Gijir"]
[Black "Kwon, Sehyun"]
[Result "1-0"]
[WhiteTitle "FM"]
[WhiteElo "1967"]
[BlackElo "1947"]
[WhiteTeam "Mongolia"]
[BlackTeam "South Korea 1"]
[WhiteFideId "4901584"]
[BlackFideId "13203088"]
[EventDate "2014.12.13"]

1. d4 Nf6 2. c4 g6 3. Nc3 d5 4. cxd5 Nxd5 5. e4 Nxc3 6. bxc3 Bg7 7. Bc4 O-O 8.
Ne2 c5 9. O-O Nc6 10. Be3 Qc7 11. Rc1 Rd8 12. Qd2 Ne5 13. Bb3 Ng4 14. Bf4 e5 15.
Bg3 Bh6 16. f4 c4 17. Bc2 Qc6 18. h3 Nf6 19. Bh4 Re8 20. d5 Qb6+ 21. Bf2 Qd6 22.
Be3 exf4 23. Bxf4 Bxf4 24. Rxf4 Nh5 25. Rf3 Bd7 26. Rcf1 Re7 27. Qd4 b5 28. g4
Ng7 29. Rf6 Qb8 30. d6 Ne6 31. Qd5 Qb6+ 32. Nd4 Nxd4 33. dxe7 Bc6 34. Qxf7+ Kh8
35. Qf8+ 1-0

[Event "World Youth U16 Olympiad"]
[Site "Gyor HUN"]
[Date "2014.12.14"]
[Round "2.15"]
[Board "3"]
[White "Nam, Ju Won"]
[Black "Baterdene, Tsogbayar"]
[Result "0-1"]
[WhiteElo "1435"]
[BlackElo "1981"]
[WhiteTeam "South Korea 1"]
[BlackTeam "Mongolia"]
[WhiteFideId "13203240"]
[BlackFideId "4901592"]
[EventDate "2014.12.13"]

1. e4 c5 2. Nf3 d6 3. c3 Nc6 4. d4 cxd4 5. cxd4 Bg4 6. Be2 Nf6 7. Nc3 e6 8. Be3
Be7 9. h3 Bh5 10. O-O O-O 11. Rc1 Rc8 12. Qd2 d5 13. exd5 Nxd5 14. Nxd5 exd5 15.
a3 Qd7 16. Rfd1 Rfe8 17. Ne5 Nxe5 18. Bxh5 Nc4 19. Qe2 Bg5 20. Qg4 Qxg4 21. Bxg4
Bxe3 22. fxe3 Rcd8 23. Rd3 Re7 24. Kf2 Nxb2 25. Rb3 Nc4 26. Bf3 Nd2 27. Rb5 Nxf3
28. Kxf3 f5 29. Rbc5 Kf7 30. Rc7 Rdd7 31. Rxd7 Rxd7 32. Kf4 Kf6 33. h4 h6 34.
Rc5 g5+ 35. hxg5+ hxg5+ 36. Kf3 g4+ 37. Kf4 Re7 38. Rc3 Re6 39. a4 Re4+ 40. Kg3
Kg5 41. Kf2 Re6 42. Rc5 Rd6 43. Ra5 a6 44. Rc5 Kf6 45. a5 Ke6 46. Rc7 b6 47.
axb6 Rxb6 48. Ra7 Kf6 49. Kg3 Re6 50. Kf2 Rc6 51. Kg3 Rb6 52. Ra8 Re6 53. Kf2
Rc6 54. Kg3 Re6 55. Kf2 Rb6 56. Kg3 Rb3 57. Kf4 Ra3 58. Rf8+ Ke6 59. Ra8 Ra2 60.
Kg3 Kf6 61. Ra7 Kg5 62. Rg7+ Kf6 63. Ra7 a5 64. Ra6+ Kg5 65. Rd6 Re2 66. Rxd5
Rxe3+ 67. Kf2 Ra3 68. g3 Rf3+ 69. Kg2 a4 70. Ra5 a3 71. d5 Rd3 72. Kf2 Kf6 73.
d6 Rf3+ 74. Kg2 Ke6 75. Ra6 Kd7 76. Ra4 Kxd6 77. Ra5 Rb3 78. Kf2 Rf3+ 79. Kg2
Kc6 80. Ra6+ Kb5 81. Ra8 Kb4 82. Rb8+ Kc3 0-1

[Event "World Youth U16 Olympiad"]
[Site "Gyor HUN"]
[Date "2014.12.14"]
[Round "2.15"]
[Board "4"]
[White "Uuriintuya, Uurtsaikh"]
[Black "Choi, Hyunhyo"]
[Result "1-0"]
[WhiteElo "1875"]
[BlackElo "1399"]
[WhiteTeam "Mongolia"]
[BlackTeam "South Korea 1"]
[WhiteFideId "4900227"]
[BlackFideId "13203185"]
[EventDate "2014.12.13"]

1. e4 e5 2. Nf3 Nc6 3. Bc4 Nf6 4. d3 Bc5 5. Bb3 d6 6. c3 O-O 7. Nbd2 Re8 8. O-O
Be6 9. Bc2 Nd7 10. Re1 f5 11. d4 exd4 12. exf5 Bf7 13. Ne4 h6 14. Nxd4 Bxd4 15.
cxd4 d5 16. Ng3 Rxe1+ 17. Qxe1 Nxd4 18. Bd3 Qf6 19. Bf4 c5 20. Rd1 c4 21. Bxc4
dxc4 22. Qe4 Re8 23. Qxd4 Re1+ 24. Nf1 Qxd4 25. Rxd4 Nb6 26. Bd2 Ra1 27. Re4
Rxa2 28. Bc3 Na4 29. Bd4 Ra1 30. f3 a6 31. Kf2 Ra2 32. Re2 b5 33. Ne3 b4 34. h4
c3 35. bxc3 Nxc3 36. Bxc3 bxc3 37. Rxa2 Bxa2 38. Ke2 Bb1 39. g4 Kf7 40. Nd5 a5
41. Nxc3 Bc2 42. Ke3 a4 43. Nb5 Kf6 44. Kd2 Bb3 45. f4 Bd5 46. Nd4 a3 47. Kc3 a2
48. Kb2 g5 49. fxg6 Kxg6 50. Nf5 Be6 51. h5+ Kh7 52. Ne3 Kg7 53. g5 hxg5 54.
fxg5 Bf7 55. Nf5+ Kh7 56. h6 Kg6 57. Ne7+ Kh7 58. Ka1 Kh8 59. Nc6 Kh7 60. Kb2
Kh8 61. Ne5 1-0

[Event "World Youth U16 Olympiad"]
[Site "Gyor HUN"]
[Date "2014.12.14"]
[Round "2.16"]
[Board "1"]
[White "Giczi, Alexandra Laura"]
[Black "Gorodetzky, David"]
[Result "0-1"]
[WhiteElo "1424"]
[BlackElo "2164"]
[WhiteTeam "Transdanubium 3"]
[BlackTeam "Rehovot Chess School"]
[WhiteFideId "763780"]
[BlackFideId "2813416"]
[EventDate "2014.12.13"]

1. e4 e6 2. d4 d5 3. e5 c5 4. c3 Nc6 5. Nf3 Qb6 6. Be2 cxd4 7. cxd4 Nh6 8. Nc3
Nf5 9. Na4 Qa5+ 10. Bd2 Qd8 11. Bc3 Be7 12. O-O O-O 13. b3 f6 14. Rc1 Bd7 15.
Nc5 fxe5 16. Nxd7 Qxd7 17. Nxe5 Nxe5 18. dxe5 Rac8 19. Qd3 Rc6 20. Qh3 Qc7 21.
Bb5 Rc5 22. Bb2 Qa5 23. Bd3 Qxa2 24. Bxf5 Rxf5 25. Rxc5 Bxc5 26. Qc3 b6 27. b4
Bf8 28. h3 Rf7 29. Bc1 Qc4 30. Bd2 Qxc3 31. Bxc3 Rc7 32. Bd2 Rc2 33. Rd1 Rb2 34.
Bc3 Rc2 35. Rd3 Kf7 36. g4 Ra2 37. Rd1 Ra3 38. Rc1 Ke7 39. f4 g6 40. Kg2 Kd7 41.
Be1 a5 42. b5 Bc5 43. h4 a4 44. Rb1 Rb3 45. Ra1 a3 46. Kf1 Rf3+ 47. Kg2 Rxf4 48.
Kg3 Re4 49. Bd2 Re2 50. Bg5 a2 51. Rf1 Rf2 52. Ra1 Bd4 53. Bc1 Bxa1 0-1

[Event "World Youth U16 Olympiad"]
[Site "Gyor HUN"]
[Date "2014.12.14"]
[Round "2.16"]
[Board "2"]
[White "Zlatin, Alexander"]
[Black "Juhasz, Judit"]
[Result "1-0"]
[WhiteElo "2032"]
[BlackElo "1668"]
[WhiteTeam "Rehovot Chess School"]
[BlackTeam "Transdanubium 3"]
[WhiteFideId "2810549"]
[BlackFideId "768499"]
[EventDate "2014.12.13"]

1. e4 c5 2. c3 b6 3. d4 Bb7 4. d5 e6 5. c4 d6 6. Nc3 Nf6 7. f4 exd5 8. exd5 Be7
9. Bd3 O-O 10. Nf3 Re8 11. O-O Bc8 12. Qc2 Na6 13. a3 Nc7 14. b4 a6 15. Bb2 Rb8
16. Rae1 b5 17. bxc5 dxc5 18. Ne5 Bb7 19. Rd1 Bd6 20. Ne4 Nxe4 21. Bxe4 h6 22.
Bh7+ Kf8 23. Nxf7 Qd7 24. Bxg7+ 1-0

[Event "World Youth U16 Olympiad"]
[Site "Gyor HUN"]
[Date "2014.12.14"]
[Round "2.16"]
[Board "3"]
[White "Pal, Istvan"]
[Black "Parkhov, Yair"]
[Result "0-1"]
[WhiteElo "1406"]
[BlackElo "1960"]
[WhiteTeam "Transdanubium 3"]
[BlackTeam "Rehovot Chess School"]
[WhiteFideId "765090"]
[BlackFideId "2813408"]
[EventDate "2014.12.13"]

1. c4 Nf6 2. Nc3 e6 3. d4 Bb4 4. Bd2 O-O 5. e3 Re8 6. Nf3 d6 7. Be2 e5 8. O-O
Nc6 9. a3 Bxc3 10. Bxc3 Ne4 11. dxe5 Nxc3 12. bxc3 dxe5 13. Qc2 Be6 14. Bd3 h6
15. Rfd1 Qe7 16. Rab1 Rab8 17. a4 Bg4 18. Be2 Qf6 19. Rb5 a6 20. Rbd5 Be6 21.
Rc5 Qe7 22. Rxc6 bxc6 23. Nxe5 Bf5 24. Qxf5 Qxe5 25. Qd7 c5 26. h3 Re7 27. Rd5
Rb1+ 28. Bf1 Rxd7 29. Rxe5 Rdd1 30. g3 Rxf1+ 31. Kg2 Rfc1 32. Rxc5 Rb7 33. Ra5
Ra7 34. c5 c6 35. f4 Rxc3 36. Kf3 f5 37. g4 g6 0-1

[Event "World Youth U16 Olympiad"]
[Site "Gyor HUN"]
[Date "2014.12.14"]
[Round "2.17"]
[Board "1"]
[White "Egyed, Viktoria"]
[Black "Puccini, Jack"]
[Result "0-1"]
[BlackTitle "CM"]
[WhiteElo "1990"]
[BlackElo "2188"]
[WhiteTeam "Hungary (Girls)"]
[BlackTeam "Australia"]
[WhiteFideId "741450"]
[BlackFideId "3213307"]
[EventDate "2014.12.13"]

1. e4 c5 2. c3 g6 3. d4 cxd4 4. cxd4 d5 5. exd5 Nf6 6. Nc3 Nxd5 7. Nf3 Bg7 8.
Bc4 Nb6 9. Bb3 O-O 10. O-O Bg4 11. Be3 Nc6 12. h3 Bf5 13. a3 Na5 14. Ba2 Nac4
15. Qe2 Nxe3 16. fxe3 Rc8 17. Rad1 Bd7 18. e4 Na4 19. Nd5 a6 20. Qd2 Nb6 21. Qb4
Nxd5 22. Bxd5 Bb5 23. Rfe1 e6 24. Bb3 Qc7 25. Ng5 Qg3 26. Nxe6 fxe6 27. Bxe6+
Kh8 28. Qd2 Bh6 0-1

[Event "World Youth U16 Olympiad"]
[Site "Gyor HUN"]
[Date "2014.12.14"]
[Round "2.17"]
[Board "2"]
[White "Loh, Zachary"]
[Black "Simon, Lili"]
[Result "1/2-1/2"]
[WhiteElo "2075"]
[BlackElo "1901"]
[WhiteTeam "Australia"]
[BlackTeam "Hungary (Girls)"]
[WhiteFideId "3210383"]
[BlackFideId "712159"]
[EventDate "2014.12.13"]

1. d4 d5 2. c4 c6 3. Nc3 Nf6 4. e3 e6 5. Nf3 a6 6. Qc2 c5 7. cxd5 exd5 8. Be2
Nc6 9. dxc5 Bxc5 10. O-O O-O 11. a3 Qe7 12. Rd1 Rd8 13. b4 Bb6 14. Na4 Bc7 15.
Bb2 Bg4 16. Nc5 Bxf3 17. Bxf3 Ne5 18. Be2 Bd6 19. Rac1 Rac8 20. Qf5 Re8 21. Nd3
Rxc1 22. Rxc1 Qd7 23. Qxd7 Nfxd7 24. Nxe5 Bxe5 25. Bxe5 Nxe5 26. Rc5 d4 27. exd4
Nc6 28. d5 Rxe2 29. Kf1 Re5 30. f4 Rf5 31. dxc6 Rxc5 32. bxc5 bxc6 33. Ke2 f5
34. Kd3 Kf7 35. h3 Ke6 36. Kc4 h6 37. g3 g5 38. h4 gxf4 39. gxf4 h5 40. Kd4 Kf6
41. Kc3 Ke6 42. Kc4 a5 43. Kd4 Kf6 44. Kc3 Ke6 45. Kc4 Ke7 46. Kb3 Ke6 47. Ka4
Kd5 48. Kxa5 Kxc5 49. a4 Kd4 50. Kb6 c5 51. a5 c4 52. a6 c3 53. a7 c2 54. a8=Q
c1=Q 55. Qh8+ Kd3 56. Qe5 Qg1+ 57. Kc6 1/2-1/2

[Event "World Youth U16 Olympiad"]
[Site "Gyor HUN"]
[Date "2014.12.14"]
[Round "2.17"]
[Board "3"]
[White "Egyed, Judit"]
[Black "Chew Lee, Max"]
[Result "0-1"]
[WhiteElo "1914"]
[BlackElo "1931"]
[WhiteTeam "Hungary (Girls)"]
[BlackTeam "Australia"]
[WhiteFideId "703664"]
[BlackFideId "3213137"]
[EventDate "2014.12.13"]

1. e4 e6 2. d3 d5 3. Nd2 Nf6 4. Ngf3 b6 5. e5 Nfd7 6. d4 c5 7. c3 f6 8. exf6
Qxf6 9. Bb5 Bd6 10. O-O a6 11. Ba4 O-O 12. Bc2 Nc6 13. Nb3 c4 14. Bg5 Qf7 15.
Nc1 e5 16. dxe5 Ndxe5 17. Nxe5 Nxe5 18. Qd2 Bb7 19. Ne2 Rae8 20. Ng3 d4 21. f4
Ng4 22. Nf5 Qh5 23. h3 Ne3 24. Nxe3 dxe3 25. Qxd6 Qe2 26. Bxh7+ Kxh7 27. Rf3
Bxf3 28. gxf3 Qf2+ 29. Kh1 Qxf3+ 30. Kg1 Qf2+ 31. Kh1 e2 0-1

[Event "World Youth U16 Olympiad"]
[Site "Gyor HUN"]
[Date "2014.12.14"]
[Round "2.18"]
[Board "2"]
[White "Pesti, Mate"]
[Black "Doknjas, John"]
[Result "0-1"]
[BlackTitle "CM"]
[WhiteElo "1649"]
[BlackElo "2080"]
[WhiteTeam "GyÃ¶r (Hungary)"]
[BlackTeam "Canada 2"]
[WhiteFideId "772194"]
[BlackFideId "2608367"]
[EventDate "2014.12.13"]

1. e4 c5 2. Nf3 d6 3. d4 cxd4 4. Qxd4 a6 5. Bg5 Nc6 6. Qd2 h6 7. Bh4 g5 8. Bg3
Bg7 9. Nc3 Be6 10. Bd3 Qa5 11. O-O Nf6 12. Ne2 Qxd2 13. Nxd2 Nb4 14. a3 Nxd3 15.
cxd3 Nh5 16. Nc3 Rc8 17. Rac1 O-O 18. Kh1 Rc6 19. Ndb1 Rfc8 20. Rcd1 Bd4 21. Rd2
f5 22. exf5 Bxf5 23. Ne2 Bg7 24. Nbc3 Nxg3+ 25. hxg3 e6 26. Rfd1 b5 27. f3 Rc5
28. d4 Rc4 29. Kg1 b4 30. Ne4 Bxe4 31. fxe4 bxa3 32. bxa3 Ra4 33. Rd3 e5 34.
dxe5 Rxe4 35. Nd4 Bxe5 36. Nf5 Rc2 37. R3d2 Rxd2 38. Rxd2 Ra4 39. Nxd6 Rxa3 40.
Nc4 Ra1+ 41. Kh2 Bf6 42. Rd3 Kg7 43. Ra3 Rxa3 44. Nxa3 a5 45. Kh3 a4 46. Kg4 Bb2
47. Nc4 a3 48. Nxa3 Bxa3 49. Kh5 Bf8 50. g4 Kf6 51. g3 Ke5 52. Kg6 Ke4 53. Kf7
Kf3 54. Kxf8 Kxg4 55. Kg7 h5 56. Kg6 h4 57. gxh4 gxh4 0-1

[Event "World Youth U16 Olympiad"]
[Site "Gyor HUN"]
[Date "2014.12.14"]
[Round "2.18"]
[Board "3"]
[White "Doknjas, Joshua"]
[Black "Kurcsics, Erika"]
[Result "1-0"]
[WhiteElo "2005"]
[BlackElo "1803"]
[WhiteTeam "Canada 2"]
[BlackTeam "GyÃ¶r (Hungary)"]
[WhiteFideId "2614316"]
[BlackFideId "713848"]
[EventDate "2014.12.13"]

1. e4 c5 2. Nf3 g6 3. c3 Bg7 4. d4 cxd4 5. cxd4 d5 6. e5 Nc6 7. Nc3 f6 8. Bb5 a6
9. Ba4 b5 10. Bb3 Be6 11. O-O b4 12. Na4 Bg4 13. Nc5 e6 14. Ba4 Qc8 15. h3 Bxf3
16. Qxf3 Kf7 17. Be3 Nge7 18. exf6 Bxf6 19. Bg5 Ng8 20. Bxc6 Qxc6 21. Rfe1 Re8
22. Rac1 Qd6 23. Bf4 Qb6 24. Nd7 Qd8 25. Be5 Qxd7 26. Rc7 Qxc7 27. Bxc7 Kg7 28.
Qd3 Rc8 29. Be5 Bxe5 30. Rxe5 Rc6 31. Qb3 Rb6 32. Qc2 Kf6 33. Qc5 Rb8 34. Qc6
Nh6 35. Rxe6+ Kg7 36. Re7+ Nf7 37. Qxd5 Rhf8 38. Rxf7+ Rxf7 39. Qe5+ Rf6 40.
Qxb8 a5 41. d5 Rf7 42. Qe5+ Kg8 43. d6 Rf8 44. Qe6+ Kg7 45. d7 h5 46. Qe7+ 1-0

[Event "World Youth U16 Olympiad"]
[Site "Gyor HUN"]
[Date "2014.12.14"]
[Round "2.18"]
[Board "4"]
[White "Nemeth, Balint"]
[Black "Peng, Jackie"]
[Result "0-1"]
[BlackTitle "WIM"]
[WhiteElo "1560"]
[BlackElo "1982"]
[WhiteTeam "GyÃ¶r (Hungary)"]
[BlackTeam "Canada 2"]
[WhiteFideId "763837"]
[BlackFideId "2609819"]
[EventDate "2014.12.13"]

1. e4 c5 2. Nf3 d6 3. d4 cxd4 4. Nxd4 Nf6 5. Nc3 g6 6. Be3 Bg7 7. f3 O-O 8. Qd2
Nc6 9. O-O-O d5 10. Kb1 e6 11. exd5 Nxd5 12. Bc4 Nxe3 13. Qxe3 Bxd4 14. Qe4 Qf6
15. Rd3 Bxc3 16. Rxc3 e5 17. g4 Be6 18. Bxe6 Qxe6 19. h4 Rad8 20. h5 Rd4 21. Qe3
Rfd8 22. b3 Rd1+ 23. Rxd1 Rxd1+ 24. Kb2 Qd6 25. h6 Qd2 26. f4 Qxe3 27. Rxe3 f6
28. Kc3 Kf7 29. fxe5 fxe5 30. Rf3+ Ke7 31. Rg3 Rf1 32. g5 Nd4 33. Rg2 Ke6 34. a4
Kd5 35. b4 Rf3+ 36. Kd2 e4 0-1

[Event "World Youth U16 Olympiad"]
[Site "Gyor HUN"]
[Date "2014.12.14"]
[Round "2.19"]
[Board "1"]
[White "Essop, Hishaam"]
[Black "Egri, Laszlo Jr."]
[Result "0-1"]
[WhiteElo "1749"]
[BlackElo "2118"]
[WhiteTeam "South Africa 1"]
[BlackTeam "Transdanubium West 2"]
[WhiteFideId "14306549"]
[BlackFideId "703397"]
[EventDate "2014.12.13"]

1. e4 c5 2. Nc3 Nc6 3. g3 g6 4. Bg2 Bg7 5. Nge2 e6 6. d3 Nge7 7. O-O O-O 8. Be3
d6 9. Qd2 Qd7 10. f4 b6 11. d4 cxd4 12. Nxd4 Ba6 13. Nxc6 Nxc6 14. Rfd1 Na5 15.
e5 Nc4 16. Qc1 d5 17. Bd4 Rac8 18. Bf1 Bb7 19. b3 Na5 20. Nb5 Bc6 21. Nd6 Rcd8
22. Ba6 Nb7 23. Bxb7 Bxb7 24. Bb2 Qc6 25. Nxb7 Qxb7 26. Qe3 Rc8 27. Qd3 Rc6 28.
Rac1 Rfc8 29. Ba3 Rc3 30. Qe2 Bf8 31. Bxf8 Kxf8 32. Rd2 Qc6 33. Qf2 Qc5 34.
Qxc5+ R8xc5 35. Kf2 Ra5 36. Ra1 Ra3 37. Ke2 Rc5 38. Kd3 Rca5 39. Rf1 Rxa2 40. g4
Ra1 41. Rf3 Re1 42. Re2 Rxe2 43. Kxe2 Kg7 44. Rc3 Rc5 45. Kd3 Kf8 0-1

[Event "World Youth U16 Olympiad"]
[Site "Gyor HUN"]
[Date "2014.12.14"]
[Round "2.19"]
[Board "2"]
[White "Czupor, Attila"]
[Black "Roos, Lucas"]
[Result "1-0"]
[WhiteElo "2107"]
[BlackElo "1732"]
[WhiteTeam "Transdanubium West 2"]
[BlackTeam "South Africa 1"]
[WhiteFideId "752495"]
[BlackFideId "14308673"]
[EventDate "2014.12.13"]

1. e4 e6 2. d4 d5 3. Nc3 Nf6 4. exd5 exd5 5. Bg5 Bb4 6. Qe2+ Qe7 7. Bxf6 gxf6 8.
Qxe7+ Kxe7 9. Ne2 Bf5 10. O-O-O c6 11. Ng3 Bg6 12. Re1+ Kd7 13. Re3 Na6 14. Bxa6
bxa6 15. Na4 f5 16. Rf3 Rhe8 17. Nxf5 Re2 18. a3 Bd2+ 19. Kd1 Rae8 20. Ng3 R2e4
21. Nc5+ Kd6 22. Ngxe4+ dxe4 23. Rf6+ Ke7 24. Rxg6 1-0

[Event "World Youth U16 Olympiad"]
[Site "Gyor HUN"]
[Date "2014.12.14"]
[Round "2.19"]
[Board "3"]
[White "Berman, Jacob"]
[Black "Ugroczky, Peter"]
[Result "1/2-1/2"]
[WhiteElo "1833"]
[BlackElo "2057"]
[WhiteTeam "South Africa 1"]
[BlackTeam "Transdanubium West 2"]
[WhiteFideId "2071010"]
[BlackFideId "758663"]
[EventDate "2014.12.13"]

1. d4 d5 2. c4 e6 3. Nc3 Nf6 4. Bg5 Nbd7 5. e3 c6 6. Nf3 Qa5 7. Nd2 Bb4 8. Qc2
O-O 9. Be2 c5 10. dxc5 Qxc5 11. Bxf6 Nxf6 12. a3 Bxc3 13. Qxc3 b6 14. O-O Ba6
15. b4 Qc7 16. Rac1 Rac8 17. Qb2 Qe7 18. Rfe1 Bb7 19. Bf3 Rfd8 20. e4 dxe4 21.
Nxe4 Nxe4 22. Bxe4 Bxe4 23. Rxe4 Qg5 24. Qc3 Rd3 25. Qa1 Rcd8 26. Rce1 Rd2 27.
Qc1 Qf5 28. R4e2 Rxe2 29. Rxe2 Qd3 30. Re1 h6 31. Re3 Qd1+ 32. Re1 Qd4 33. h3
Rc8 34. Rd1 Rxc4 35. Qb1 Qf6 36. Rd7 Qg5 37. Qb2 Qf4 38. Rd8+ Kh7 39. Qb1+ g6
40. Rd1 Rc3 41. Qb2 Qc7 42. a4 e5 43. Qe2 Rc1 44. Re1 h5 45. Qe3 Rxe1+ 46. Qxe1
Kg7 47. a5 bxa5 48. bxa5 Qc5 49. Qd2 Kf6 50. Qd8+ Qe7 51. Qh8+ Ke6 52. Qc8+ Kd5
53. a6 Kd6 54. Qc4 Qc7 55. Qb5 f5 56. Qe8 Qg7 57. Qc8 e4 58. Qc4 Qc7 59. Qg8
Qc1+ 60. Kh2 Qf4+ 1/2-1/2

[Event "World Youth U16 Olympiad"]
[Site "Gyor HUN"]
[Date "2014.12.14"]
[Round "2.19"]
[Board "4"]
[White "Szukics, Adam"]
[Black "Modi, Sachin"]
[Result "1-0"]
[BlackTitle "CM"]
[WhiteElo "2000"]
[BlackElo "1718"]
[WhiteTeam "Transdanubium West 2"]
[BlackTeam "South Africa 1"]
[WhiteFideId "751871"]
[BlackFideId "14304589"]
[EventDate "2014.12.13"]

1. e4 c5 2. Nf3 Nc6 3. d4 cxd4 4. Nxd4 g6 5. c4 Nf6 6. Nc3 d6 7. Be2 Nxd4 8.
Qxd4 Bg7 9. Be3 O-O 10. Qd2 Bd7 11. f3 Bc6 12. O-O a5 13. Rfd1 Nd7 14. Qe1 Nc5
15. Bxc5 Qc7 16. Be3 a4 17. Rac1 Rae8 18. Nd5 Qb8 19. Qd2 f5 20. Bd4 e5 21. Bb6
Rf7 22. Nc3 Bf8 23. Nd5 f4 24. b4 g5 25. c5 dxc5 26. Bc4 Kh8 27. b5 Bxd5 28.
Qxd5 Rg7 29. Qd8 h6 30. Qxb8 Rxb8 31. Rd5 Re8 32. Rcd1 Re6 33. Bxc5 Bxc5+ 34.
Rxc5 Re8 35. Rcd5 Ree7 36. b6 h5 37. h3 g4 38. hxg4 hxg4 39. Kf2 g3+ 40. Ke2 Rh7
41. Rd8+ Kg7 42. Rg8+ 1-0

[Event "World Youth U16 Olympiad"]
[Site "Gyor HUN"]
[Date "2014.12.14"]
[Round "2.20"]
[Board "1"]
[White "Keinanen, Toivo"]
[Black "Loay, Sameer"]
[Result "1-0"]
[WhiteElo "2045"]
[BlackElo "1802"]
[WhiteTeam "Finland"]
[BlackTeam "Jordan"]
[WhiteFideId "509825"]
[BlackFideId "8104239"]
[EventDate "2014.12.13"]

1. e4 d6 2. d4 Nf6 3. Nc3 c6 4. f4 Qa5 5. Qd3 e5 6. Nf3 Nbd7 7. Bd2 Qc7 8. O-O-O
Be7 9. Rg1 b5 10. g4 exd4 11. Qxd4 Nc5 12. g5 Ne6 13. Qf2 Nd7 14. f5 Nec5 15.
Qd4 Ne5 16. Be2 f6 17. Nxe5 dxe5 18. Bh5+ g6 19. fxg6 exd4 20. g7+ Kd7 21.
gxh8=Q Qe5 22. Rgf1 Nd3+ 23. cxd3 dxc3 24. Be8+ Kc7 25. Bf4 cxb2+ 26. Kb1 1-0

[Event "World Youth U16 Olympiad"]
[Site "Gyor HUN"]
[Date "2014.12.14"]
[Round "2.20"]
[Board "2"]
[White "Al-Bashayra, Yazan"]
[Black "Syvalahti, Timo"]
[Result "0-1"]
[WhiteElo "1780"]
[BlackElo "1923"]
[WhiteTeam "Jordan"]
[BlackTeam "Finland"]
[WhiteFideId "8103879"]
[BlackFideId "509515"]
[EventDate "2014.12.13"]

1. e4 e6 2. Nf3 d5 3. exd5 exd5 4. d4 Bg4 5. Bd3 Bd6 6. Nbd2 Ne7 7. O-O O-O 8.
c3 Qd7 9. Re1 f6 10. Nf1 Bf5 11. Bxf5 Nxf5 12. Ne3 c6 13. Qd3 Ne7 14. Bd2 Na6
15. c4 dxc4 16. Qxc4+ Kh8 17. Re2 Nc7 18. Bb4 Bxb4 19. Qxb4 Ncd5 20. Qb3 Rad8
21. Nxd5 Nxd5 22. Rae1 g6 23. h3 Kg7 24. Qa3 Kg8 25. Qb3 Rf7 26. Nh4 Kg7 27. Qg3
Kh8 28. Re6 Re7 29. Rxe7 Nxe7 30. Qe3 Nd5 31. Qe6 Qxe6 32. Rxe6 Kg7 33. Nf3 Kf7
34. Re2 Nf4 35. Re3 Ne6 36. Rb3 b6 37. Ra3 a5 38. Rc3 Rd6 39. Kf1 Ke7 40. g3 Kd7
41. Rd3 c5 42. d5 Nc7 43. Rb3 Nxd5 44. Nd2 Kc6 45. Ne4 Re6 46. f3 b5 47. a4 b4
48. Rd3 h6 49. g4 f5 50. gxf5 gxf5 51. Ng3 c4 52. Rd2 c3 53. Rf2 Ne3+ 54. Kg1
Rg6 55. Kh2 Rxg3 56. Kxg3 c2 57. Rxc2+ Nxc2 58. Kf4 Nd4 0-1

[Event "World Youth U16 Olympiad"]
[Site "Gyor HUN"]
[Date "2014.12.14"]
[Round "2.20"]
[Board "3"]
[White "Nazarova, Anastasia"]
[Black "Saif, Malek"]
[Result "1-0"]
[WhiteTitle "WCM"]
[WhiteElo "1850"]
[BlackElo "1782"]
[WhiteTeam "Finland"]
[BlackTeam "Jordan"]
[WhiteFideId "34101737"]
[BlackFideId "8104220"]
[EventDate "2014.12.13"]

1. e4 c5 2. Nf3 e6 3. c4 Nc6 4. Nc3 Nf6 5. Be2 Be7 6. O-O O-O 7. d4 cxd4 8. Nxd4
d6 9. Be3 a6 10. Rc1 Bd7 11. b3 Nxd4 12. Qxd4 Bc6 13. f3 Nd7 14. Rfd1 Qa5 15.
Qd2 f5 16. Nd5 Qxd2 17. Nxe7+ Kf7 18. Rxd2 Kxe7 19. Bg5+ Nf6 20. exf5 exf5 21.
Bd3 h6 22. Re1+ Kd8 23. Bf4 Ne8 24. Bc2 Rf6 25. h4 b6 26. b4 Ra7 27. Bb3 Rd7 28.
h5 Nc7 29. Red1 Ne8 30. Kf2 Ke7 31. Re1+ Kd8 32. Rde2 Rf8 33. Re6 Nf6 34. Bxd6
Re8 35. c5 bxc5 36. bxc5 Rxe6 37. Bxe6 Rb7 38. Bxf5 Nxh5 39. Re2 Nf6 40. Rd2 Rf7
41. Kg1 Ne8 42. Be6 Rb7 43. Kh2 Nxd6 44. Rxd6+ Kc7 45. Bc4 Bb5 46. Bb3 a5 47.
Bd5 Ra7 48. Rg6 Kd8 49. Rb6 Ba4 50. Rb8+ Ke7 51. Rg8 Kf6 52. Rc8 Ke7 53. Kg3 Bd7
54. Rg8 Kf6 55. c6 Be6 56. Bxe6 Kxe6 57. Rb8 Kd6 58. Rc8 Rc7 59. Rxc7 Kxc7 60.
Kg4 g6 61. Kf4 Kxc6 62. Ke5 Kd7 63. Kf6 g5 64. Kg6 Ke6 65. Kxh6 Kf5 66. g4+ Kf4
67. a4 Kxf3 68. Kxg5 Ke4 69. Kf6 Kd4 70. g5 Kc4 71. g6 Kb4 72. g7 Kxa4 73. g8=Q
Kb4 74. Qa2 1-0